| 000 | 00631nam a2200241Ia 4500 | ||
|---|---|---|---|
| 003 | IT-RoPAU | ||
| 008 | 120407s9999 xx 000 0 und d | ||
| 040 | _aIT-RoPAU | ||
| 040 | _cIT-RoPAU | ||
| 041 | _alat | ||
| 100 | _aRudolfo Gualtero de Moos | ||
| 100 | _ccoll. | ||
| 245 | _aPetitiones de Assumptione corporea B.V. Mariae in caelum definienda ad Sanctam Sedem deletae. | ||
| 250 | _aVaticano | ||
| 260 | _aVaticana | ||
| 260 | _c1942 | ||
| 300 | _c27,5 cm | ||
| 490 | _v1 | ||
| 600 | _a"1° v. XLIV, 1061 p. 2° v. XVI, 1110 p." | ||
| 700 | _aGuilhelmo Hentrich | ||
| 942 | _cBK | ||
| 999 |
_c17648 _d17648 |
||